Дело о службе состоявшего в ведомстве Театральной дирекции уволенного с пенсионом и мундиром управляющего Немецким театром колле...

Доступно только в Электронных читальных залах Найти на картеНа карте
RUSMARC
00003686nmc2a22000003x 450
0015fc2d6e0-1cca-429b-99cc-1d3de28964e2
00520181126225552.0
100##$a20161223l18231862k l0rusy0189 ca
1010#$arus
102##$aRU
2001#$aДело о службе состоявшего в ведомстве Театральной дирекции уволенного с пенсионом и мундиром управляющего Немецким театром коллежского асессора Петра Гельмерсен
$j15 июня 1823 г. - 3 марта 1862 г.
251##$cДело
300##$aДело
801#0$aRU
$bРГИА
$c20161223
$gRCR
801#1$aRU
$bГлавНИВЦ
$c20161223
$2rusmarc
801#2$aRU
$bПБ им. Б.Н. Ельцина
$c20181126
$gRCR
$2rusmarc
850##$aРГИА
852##$aРГИА
$eФедеральное казенное учреждение "Российский государственный исторический архив" (РГИА)
$j2373
937##$hРГИА
$d12237544
$aASBIBLIO_SCAN
462#0$1001dd3991dc-24e1-42ec-8838-ca4255420416
$12001
$a1746-1850 гг.
$1251
$cОпись
$1852
$j1
461#0$10019264ebf8-de62-4f1a-9eb4-9f22098dbbd5
$12001
$aДирекция императорских театров МИДв
$1251
$cФонд
$1852
$j497
215##$a79 л.
$d36,5х26 см
371##$aДокумент не является опубликованным и широко распространяемым
105##$ay###
1222#$ad
035##$a5fc2d6e0-1cca-429b-99cc-1d3de28964e2
856##$uhttp://readingroom.main.prlib.ru/item.aspx?id_node=n121012133&mode=full
Формат отображения